000 00539nam a2200181Ia 4500
003 GCL
008 140319s9999 xx 000 0 ara d
040 _aGCL /
_cGCL
082 0 4 _a641.7
_bد ب
100 1 _aدار الراتب الجامعية
245 1 0 _aبالميكوويف تطورين طهى مأكولاتك /
_cدار الراتب الجامعية
300 _a107 ص
490 _aموسوعة عالم المراة
_v0
650 0 4 _aالتغذية
650 0 4 _aالاغذية
650 0 4 _aالطهى
942 _2ddc
_cBK
999 _c46353
_d46353